MARC

LEADER 00000nam0a2200000 4500
001 217952
005 20231101230148.0
010 |a 0749423455 
035 |a (RuTPU)RU\TPU\book\237956 
090 |a 217952 
100 |a 20120609d1997 m y0engy50 ba 
101 0 |a eng 
102 |a GB 
105 |a y j 001zy 
200 1 |a Last Minute Study Tips  |f R. Fry 
210 |a London  |c Kogan Page  |d 1997 
215 |a 108 p. 
225 1 |a How to study 
320 |a Index: p. 107-108. 
606 1 |a Самостоятельная работа учащихся  |x В Вузе  |2 stltpush  |3 (RuTPU)RU\TPU\subj\53766  |9 71931 
610 1 |a высшее образование 
610 1 |a обучение 
610 1 |a планирование 
610 1 |a время 
610 1 |a отдых 
610 1 |a память 
610 1 |a тренировки 
610 1 |a экзамены 
610 1 |a самоорганизация 
610 1 |a тайм-менеджмент 
686 |a Ч481.267  |v LBC/SL-A  |2 rubbk 
700 1 |a Fry  |b R.  |g Ron 
801 1 |a RU  |b 63413507  |c 20120609 
801 2 |a RU  |b 63413507  |c 20120620  |g RCR 
942 |c BK